Skvělá asistentka. Aktivní a samostatná

Ako môžu dobré asistentky (ale aj asistenti) svojim šéfom uľahčiť život. Proaktivita a samostatnosť. Vyjadrenie rešpektu. Vieryhodné a autentické správanie. Lojálnosť asistentky. Zodpovednosť za atmosféru na pracovisku.

Salvato in:
Dettagli Bibliografici
Autore principale: Stoklásková, Kristýna
Natura: Capitolo di libro
Lingua:ceco
Soggetti:
Tags: Aggiungi Tag
Nessun Tag, puoi essere il primo ad aggiungerne!!

MARC

LEADER 00000naa a2200000 4500
001 0231113
005 20170531113220.3
041 0 |a cze 
044 |a CZ 
245 1 0 |a Skvělá asistentka. Aktivní a samostatná  |c Kristýna Stoklásková 
520 |a Ako môžu dobré asistentky (ale aj asistenti) svojim šéfom uľahčiť život. Proaktivita a samostatnosť. Vyjadrenie rešpektu. Vieryhodné a autentické správanie. Lojálnosť asistentky. Zodpovednosť za atmosféru na pracovisku. 
610 2 0 |a sekretárky 
610 2 0 |a práca 
610 2 0 |a pracovisko 
610 2 0 |a nadriadení 
610 2 0 |a schopnosti pracovné 
610 2 0 |a lojálnosť zamestnancov 
100 1 |a Stoklásková, Kristýna